| 000 | 00872nam a22002537a 4500 | ||
|---|---|---|---|
| 005 | 20170124103022.0 | ||
| 010 | _aA-595418 | ||
| 020 | _c75.00 | ||
| 035 | _aA-595418 | ||
| 037 | _bCen Lib/Ret | ||
| 040 |
_aDPL _bHN |
||
| 082 |
_aउ _bचन्द्रमो |
||
| 100 |
_aचन्द्रमोहन _943304 |
||
| 245 |
_aअनुपम- बलिदान / _cचन्द्रमोहन |
||
| 246 |
_aAnupam-balidan / _bby Chandra Mohan |
||
| 260 |
_aअजमेर _bहिमकर प्रकाशन _c1993 |
||
| 270 | _bअजमेर | ||
| 300 |
_aviii, 226पृ. _c21सेमी(सजिल्द) |
||
| 650 |
_aहिन्दी साहित्य _960927 |
||
| 650 |
_aउपन्यास _960928 |
||
| 650 |
_aHindi literature _960929 |
||
| 650 |
_aFiction _98901 |
||
| 942 |
_2ddc _cHN _hउ _mचन्द्रमो |
||
| 999 |
_c115327 _d115327 |
||